000
00299nam a22000977a 4500
008
230607b |||||||| |||| 00| 0 eng d
020
_a
9789351777496
100
_a
SUBRAMANIAM ARJUN
_9
7679
245
_a
INDIA'S A MILITARY HISTORY WARS (1947-1971)
260
_a
INDIA
_b
HARPER COLLINS PUBLISHERS INDIA
_c
2016
999
_c
12311
_d
12311